000 00734nam a22002770a 4500
001 PT15798
003 AR-LpoUNG
005 20250128114821.0
008 191001s1987||||xxu|||||||||||||||||eng d
020 _a0435271083
_c$4.56
040 _aAR-LpoUNG
_bspa
_cAR-LpoUNG
_eaacr
041 0 _aeng
044 _axxu
082 0 _a428 449cre
100 1 _aMaugham, W. Somerset
245 1 4 _aThe creative impulse and other stories
250 _a1ra. ed.
260 _aOxford :
_bHeinemann,
_c1987.
300 _a74 p. :
_bil.
520 _aLa obra esta dirigida a estudiantes del idioma inglés.
650 4 _aENSENANZA DE IDIOMAS
650 4 _aLENGUA INGLESA
650 4 _aLITERATURA
905 _a15798
942 _cLIB
_2ddc
999 _c16853
_d16853